New Zealand Rugby All Blacks - 1986 Baby Blacks - Statistics

General Stats
  • This quiz has been taken 247 times
  • The average score is 8 of 15
Answer Stats
Position Player % Correct
9 David Kirk
91%
14 John Kirwan
89%
2 Sean Fitzpatrick
84%
13 Joe Stanley
71%
10 Frano Botica
67%
8 Mike Brewer
61%
11 Terry Wright
58%
15 Greg Cooper
51%
12 Arthur Stone
48%
5 Andy Earl
38%
7 Mark Brooke-Cowden
38%
6 Brett Harvey
27%
4 Gordon MacPherson
27%
1 Brian McGrattan
21%
3 Kevin Boroevich
12%
No matching quizzes found
Score Distribution
Percent of People with Each Score
Percentile by Number Answered
Your Score History
You have not taken this quiz